000 00461nam a2200169Ia 4500
008 230917s9999||||xx |||||||||||||| ||und||
020 _cRS 350.00
040 _e5000081
_aMAIN
041 _aEnglish
082 _a363.325 S23A
100 _aSharma, Vishnu Kant
245 0 _aaatankvad aur aantarik suraksha
260 _aBareli
_bPrakash Book Depot
_c2019
300 _axii, 243 p.
500 _a4080 27/09/2021 HBD21/8870 14/10/2021 Main Budget
942 _cBK
999 _c2282
_d2282